Kamus peribahasa jawa

Bibliographic Details
Main Author: Darmasoetjipta, F. S.
Format: Book
Published: Yogjakarta : Penerbit Kanisius , 1985
Subjects:

MARC

LEADER 00000cam a2200000 7i4500
001 0000061453
005 20160316.0
008 160316
020 |a 9789794134872 
090 0 0 |a 499.222   |b DAR 
100 0 |a Darmasoetjipta, F. S. 
245 1 0 |a Kamus peribahasa jawa   |c F. S. Darmasoetjipta 
260 |a Yogjakarta :   |b Penerbit Kanisius ,   |c 1985 
300 |a 218p. 
500 |a Includes index 
650 0 |a Dictionary 
999 |a 000193006   |b Book   |c Adult Collection   |e Cawangan Muar